University Home | Library Home | Institutional Repository

Handbook of the art collections illustrated / (Record no. 95011)

MARC details
000 -LEADER
fixed length control field 01004cam9a220024100 4500
001 - CONTROL NUMBER
control field qce01153351
005 - DATE AND TIME OF LATEST TRANSACTION
control field 20190819084421.0
008 - FIXED-LENGTH DATA ELEMENTS--GENERAL INFORMATION
fixed length control field 760406c19531941caua 001 0 eng d
035 ## - SYSTEM CONTROL NUMBER
System control number (Sirsi) r41729
035 ## - SYSTEM CONTROL NUMBER
System control number (QCAT)lss01220541
035 ## - SYSTEM CONTROL NUMBER
System control number (UPRA)qce01153351
040 ## - CATALOGING SOURCE
Modifying agency UPRA
110 2# - MAIN ENTRY--CORPORATE NAME
Corporate name or jurisdiction name as entry element Henry E. Huntington Library and Art Gallery.
Linkage A102145.1
245 10 - TITLE STATEMENT
Title Handbook of the art collections illustrated /
Statement of responsibility, etc. Henry E. Huntington Library & Art Gallery.
260 ## - PUBLICATION, DISTRIBUTION, ETC.
Place of publication, distribution, etc. San Marino, CA :
Name of publisher, distributor, etc. The Art Gallery,
Date of publication, distribution, etc. 1953, c1941.
500 ## - GENERAL NOTE
General note Handbook prepared by Maurice Block.
500 ## - GENERAL NOTE
General note Includes index.
500 ## - GENERAL NOTE
General note Gift: Mrs. G.A. Robbins.
650 #0 - SUBJECT ADDED ENTRY--TOPICAL TERM
Topical term or geographic name entry element Art -- California -- San Marino -- Catalogs.
Geographic subdivision Art -- California -- San Marino -- Catalogs.
-- Art -- California -- San Marino -- Catalogs.
General subdivision Art -- California -- San Marino -- Catalogs.
Linkage S73862.1
700 1# - ADDED ENTRY--PERSONAL NAME
Personal name Block, Maurice, 1890-
Dates associated with a name Block, Maurice, 1890-
Linkage A102146.1
949 ## - LOCAL PROCESSING INFORMATION (OCLC)
a N741
w lcc
i -50775
m MAIN
t BOOK
l ON-SHELF

No items available.

© 2026 - The University of Zambia Library - Koha v25.11